000 00715nam a2200277Ia 4500
008 210210b2010 xxu||||| |||| 00| 0 eng d
020 _a9781598694543
041 _aeng
082 _a651.75 SANO
100 _aSANDLER (Corey)
245 _aOne thousand one business letters for all occasions;1001 business letters for all occasions
260 _aMassachusetts
_bAadams Media
_c2010
300 _axii,432
650 _athousand
650 _aOne
650 _aoccasions
650 _aletters
650 _aintraoffice
650 _afor
650 _aexecutive office
650 _abusiness
650 _aall
690 _aBusiness Communication
700 _aKEEFE (Janice)
906 _a065263
999 _c142420
_d142420